000 01142nam a2200253Ia 4500
999 _c65236
_d65236
005 20240530110814.0
008 140319s2007 au a f b 000 0 ara d
017 _a2007/8042
_bمصر. دار الكتب
020 _a9772325675
040 _aGCL /
_cGCL
082 0 4 _221
_a746.92 /
_bك ع
100 0 _aكفاية سليمان احمد
245 1 2 _aالعوامل المؤثرة على اتجاهات الموضة لازياء النساء فى القرن العشرين /
_cكفاية سليمان احمد ، سامية عبدالعظيم طاحون ، رباب حسن محمد
250 _aط.1
260 _aالقاهرة :
_bعالم الكتب،
_c2007 .
300 _a408 ص. :
_bايض. ؛
_c24 سم.
650 0 7 _aازياء النساء
_2qrmak
_yقبل الحرب العالمية الاولى
650 0 7 _aازياء النساء
_2qrmak
_yالحرب العالمية الاولى
651 _2qrmak
700 0 _aسامية عبدالعظيم طاحون
_eمؤلف مشارك
700 0 _aرباب حسن محمد
_eمؤلف مشارك
942 _2ddc
_cBK